Southville International School and Colleges
Your cart is empty.
  • Cart
  • Lists
    Public lists Eva Luna New books Lux_list list_1
    Your lists Log in to create your own lists
  • Log in to your account
  • Your cookies
  • Search history
Southville International School and Colleges
  • Advanced search
  • Recent comments
  • Most popular
  • Libraries

Log in to your account

Log in with GOOGLE


If you do not have an external account, but do have a local account, you can still log in:

  1. Home
  2. MARC view: Studying effectively and efficiently :
Normal view MARC view ISBD view

Studying effectively and efficiently : (Record no. 10451)

[ view plain ]
MARC details
000 -LEADER
fixed length control field 00608nam a22001937a 4500
003 - CONTROL NUMBER IDENTIFIER
control field SISC
005 - DATE AND TIME OF LATEST TRANSACTION
control field 20160321100231.0
008 - FIXED-LENGTH DATA ELEMENTS--GENERAL INFORMATION
fixed length control field 130906t xxu||||| |||| 00| 0 eng d
020 ## - INTERNATIONAL STANDARD BOOK NUMBER
International Standard Book Number 0774403489
050 ## - LIBRARY OF CONGRESS CALL NUMBER
Classification number LB 2395
Item number .M32 1989
082 ## - DEWEY DECIMAL CLASSIFICATION NUMBER
Classification number HS 371.3
Item number M16 1989
100 ## - MAIN ENTRY--PERSONAL NAME
Personal name MacFarlane,Polly
9 (RLIN) 16742
245 ## - TITLE STATEMENT
Title Studying effectively and efficiently :
Remainder of title an integrated system /
Statement of responsibility, etc Polly MacFarlane
260 ## - PUBLICATION, DISTRIBUTION, ETC. (IMPRINT)
Place of publication, distribution, etc Toronto, Ont :
Name of publisher, distributor, etc The Ontario Institute for Studies in Education,
Date of publication, distribution, etc 1989.
300 ## - PHYSICAL DESCRIPTION
Extent Vii, 46 p. ;
Other physical details ill. ;
Dimensions 22 cm.
650 ## - SUBJECT ADDED ENTRY--TOPICAL TERM
Topical term or geographic name as entry element Study skills
9 (RLIN) 87
942 ## - ADDED ENTRY ELEMENTS (KOHA)
Source of classification or shelving scheme Library of Congress Classification
Koha item type Books
Holdings
Withdrawn status Lost status Source of classification or shelving scheme Damaged status Home library Current library Shelving location Date acquired Total Checkouts Full call number Barcode Date last seen Copy number Price effective from Koha item type
    Library of Congress Classification   Luxembourg Library Luxembourg Library High School Section 09/06/2013   LB 2395 .M32 1989 4474 04/01/2016 1 09/06/2013 Books

Studying effectively and efficiently :

APA

MacFarlane P., . (1989). Studying effectively and efficiently. Toronto, Ont: The Ontario Institute for Studies in Education.

Chicago

MacFarlane Polly, . 1989. Studying effectively and efficiently. Toronto, Ont: The Ontario Institute for Studies in Education.

Harvard

MacFarlane P., . (1989). Studying effectively and efficiently. Toronto, Ont: The Ontario Institute for Studies in Education.

MLA

MacFarlane Polly, . Studying effectively and efficiently. Toronto, Ont: The Ontario Institute for Studies in Education. 1989.

  • Place hold
  • Print
  • Cite
  • Add to your cart (remove)
  • Save record
    BIBTEX Dublin Core MARCXML MARC (non-Unicode/MARC-8) MARC (Unicode/UTF-8) MARC (Unicode/UTF-8, Standard) MODS (XML) RIS
  • More searches
    Search for this title in:
    Other Libraries (WorldCat) Other Databases (Google Scholar) Online Stores (Bookfinder.com) Open Library (openlibrary.org)

Exporting to Dublin Core...

SOUTHVILLE LIBRARY

Southville International School and Colleges Library

1281 Tropical Ave. Cor. Luxembourg St., BF Homes International, Las Pinas City

Tel. No. 8256374 / 252358 Loc. 117/146

Powered by Koha